000 00746nam a2200193 a 4500
001 000037645
005 20201002031110.0
008 121023s1996 bl a 000 0 spa d
020 _a8585023643
041 1 7 _aeng
_2Portuguese.
245 0 0 _aSalvador da Bahia de todos os santos no século xix /
_cc pintura documental, Diógenes Rebouças ; notícias e notas, Godofredo Filho ; apresentaçáo, Pedro Calmon ; introduçáo, Thales de Azevedo.
260 _aSalvador, Bahía :
_bOdebrecht,
_c1996.
300 _a244 p. :
_bil. ;
_c26 x 31 cm.
500 _aInglés y portugues
504 _aBibliografía: p. 243-244.
700 1 _aRebouças, Diógenes,
_dGodofredo Filho
_964119
700 1 _aGodofredo Filho
_d1914-
_964120
999 _c37135
_d37135
040 _aDO-SdBNP